| 000 | 00483nam a2200169Ia 4500 | ||
|---|---|---|---|
| 008 | 230718s9999 xx 000 0 und d | ||
| 020 | _a9789384038564 | ||
| 041 | _aeng | ||
| 082 |
_a658.1 _bIYE |
||
| 100 |
_aIyer P. _9112607 |
||
| 245 |
_aYou Too Can _bInspiration, Wisdom And Advice From Entrepreneurs |
||
| 260 |
_c2017 _bTimes Group Books |
||
| 300 | _a223 | ||
| 365 |
_cRs. _b249.00 |
||
| 700 |
_aIyer P. _9112607 |
||
| 906 |
_dO:0554614-Jun-2017B:320404-May-2017 _cMGMT _b54.78 |
||
| 999 |
_c344742 _d344742 |
||